BIBLIOTECA PODER JUDICIAL
Portal Judicial TDF

Juicios por la verdad histórica : (Registro nro. 5538)

000 -LEADER
fixed length control field 01812nab a22003017a 4500
003 - CONTROL NUMBER IDENTIFIER
control field OSt
005 - DATE AND TIME OF LATEST TRANSACTION
control field 20251215150456.0
008 - FIXED-LENGTH DATA ELEMENTS--GENERAL INFORMATION
fixed length control field 190429b xxu||||| |||| 00| 0 spa d
040 ## - CATALOGING SOURCE
Transcribing agency PJ
100 ## - MAIN ENTRY--PERSONAL NAME
9 (RLIN) 6519
Personal name Borzi Cirilli, Federico A.
245 10 - TITLE STATEMENT
Title Juicios por la verdad histórica :
Remainder of title el dilema entre la tutela judicial de la víctima y la irretroactividad de la ley penal más gravosa /
Statement of responsibility, etc Federico A. Borzi Cirilli.
260 ## - PUBLICATION, DISTRIBUTION, ETC. (IMPRINT)
Date of publication, distribution, etc Ciudad Autónoma de Buenos Aires :
Place of publication, distribution, etc Thomson Reuters La Ley,
Name of publisher, distributor, etc 2025.
300 ## - PHYSICAL DESCRIPTION
Extent p. 90-99
500 ## - GENERAL NOTE
General note Cita: AR/DOC/183/2025.
505 ## - FORMATTED CONTENTS NOTE
Formatted contents note Sumario: I. Presentación del fallo.— II. Origen de la doctrina: la investigación de los delitos de lesa humanidad cometidos durante la última dictadura militar.— III. El sistema de prescripción de la acción penal y sus reformas.— IV. Los juicios por la verdad en la actualidad. El fallo comentado.— V. La redefinición del rol de la víctima. El surgimiento de responsabilidad estatal.— VI. Síntesis y conclusiones.<br/>
505 ## - FORMATTED CONTENTS NOTE
Title Fallo comentado: Juzgado de Garantías Nro. 2 de Azul ~ 18/04/2024 ~ ..., J. C. s/ abuso sexual gravemente ultrajante y abuso sexual con acceso carnal agravado.
505 ## - FORMATTED CONTENTS NOTE
Title Si te interesa el texto completo, solicitalo a koha@justierradelfuego.gov.ar
650 #0 - SUBJECT ADDED ENTRY--TOPICAL TERM
9 (RLIN) 343
Topical term or geographic name as entry element DERECHO PENAL
650 #0 - SUBJECT ADDED ENTRY--TOPICAL TERM
9 (RLIN) 3047
Topical term or geographic name as entry element VÍCTIMA DEL DELITO
650 #0 - SUBJECT ADDED ENTRY--TOPICAL TERM
9 (RLIN) 4958
Topical term or geographic name as entry element RETROACTIVIDAD DE LA LEY
650 #0 - SUBJECT ADDED ENTRY--TOPICAL TERM
9 (RLIN) 2678
Topical term or geographic name as entry element ACCIÓN PENAL
650 #0 - SUBJECT ADDED ENTRY--TOPICAL TERM
9 (RLIN) 4057
Topical term or geographic name as entry element EXTINCION DE LA ACCION PENAL
650 #0 - SUBJECT ADDED ENTRY--TOPICAL TERM
9 (RLIN) 3902
Topical term or geographic name as entry element PRESCRIPCIÓN DE LA ACCIÓN PENAL
650 #0 - SUBJECT ADDED ENTRY--TOPICAL TERM
9 (RLIN) 2903
Topical term or geographic name as entry element ABUSO SEXUAL
650 #0 - SUBJECT ADDED ENTRY--TOPICAL TERM
9 (RLIN) 3637
Topical term or geographic name as entry element TUTELA JUDICIAL EFECTIVA
773 0# - HOST ITEM ENTRY
Host Biblionumber 2658
Host Itemnumber 3164
Title Revista de derecho penal y criminología. Nº 2 - Marzo 2025
Place, publisher, and date of publication Ciudad Autónoma de Buenos Aires : Thomson Reuters La Ley, 2017-
International Standard Serial Number 00347914
942 ## - ADDED ENTRY ELEMENTS (KOHA)
Source of classification or shelving scheme
Koha item type Analítica Artículo de Revista

No hay ítems disponibles.

12 de Octubre 789 Ushuaia - Tel:  54(02901)441571
Horario de Atención: 8.00 a 17.00 hs. 
bibliotecaush@justierradelfuego.gov.ar
koha@justierradelfuego.gov.ar
Seguinos en nuestras redes @bibliojustdf 

Con tecnología Koha